00758nam a2200205 a 4500001001000000005001700010008004100027041000800068044000600076050002100082245017700103260004900280300002400329440005400353500003400407500001000441651003600451651002300487651004200510BRCA_352520190320204324.0260709s1866----u--a---###---#000-0#eng-# aeng au 4aF1233b.M47 186610aMessage of the President of the United States, of January 29, 1867, relating to the present condition of Mexico, in answer to a resolution of the House of December 4, 1866. aWashingtonbGovernment Printing Officec1867 a753 p.bil.c23 cm. 0aE. U. House of Representatives 39 th Congressv76 aIncluye índice alfabético aB129. 4aMéxicoxRelaciones exteriores 4aMéxicoxHistoria 4aEstados UnidosxRelaciones exteriores